| 000 | 00639nam a2200229Ia 4500 | ||
|---|---|---|---|
| 003 | OSt | ||
| 005 | 20220928130014.0 | ||
| 006 | a|||||r|||| 00| 0 | ||
| 007 | ta | ||
| 008 | 220927b |||||||| |||| 00| 0 eng d | ||
| 024 | _a37111 | ||
| 037 | _cTextual | ||
| 040 |
_aSDCL _cSDCL _beng |
||
| 041 |
_2eng _aeng |
||
| 082 | _aQ42x7,1, N9 | ||
| 100 |
_aChandra Lokesh _9418308 |
||
| 245 | 0 |
_aKaranda-vyuha-sutra _bThe supernal virtues of avalokitesvara. |
|
| 260 |
_aNew Delhi _bAditya Prakashan _c1999 |
||
| 300 |
_axx,291p. _ccm. |
||
| 942 |
_hQ42x7,1, N9 _cTEXL _2CC |
||
| 999 |
_c785067 _d785067 |
||